<?xml version="1.0" encoding="UTF-8"?>
<record
    xmlns:xsi="http://www.w3.org/2001/XMLSchema-instance"
    xsi:schemaLocation="http://www.loc.gov/MARC21/slim http://www.loc.gov/standards/marcxml/schema/MARC21slim.xsd"
    xmlns="http://www.loc.gov/MARC21/slim">

  <leader>03284cam a2200349 i 4500</leader>
  <controlfield tag="003">SA-RiAUC</controlfield>
  <controlfield tag="005">20251001133447.0</controlfield>
  <controlfield tag="008">250728s2011    ts     g b   f001 0dara c</controlfield>
  <datafield tag="020" ind1=" " ind2=" ">
    <subfield code="a">9789948017776</subfield>
  </datafield>
  <datafield tag="040" ind1=" " ind2=" ">
    <subfield code="a">SA-JeALM</subfield>
    <subfield code="b">ara</subfield>
    <subfield code="c">SA-RiAUC</subfield>
    <subfield code="d">KAC</subfield>
    <subfield code="e">rda</subfield>
  </datafield>
  <datafield tag="082" ind1="0" ind2="4">
    <subfield code="a">811.064009</subfield>
    <subfield code="q">SA-RiAUC</subfield>
  </datafield>
  <datafield tag="090" ind1=" " ind2=" ">
    <subfield code="a">811.064009 </subfield>
    <subfield code="b">&#x62E; &#x631; &#x648;</subfield>
  </datafield>
  <datafield tag="100" ind1="1" ind2=" ">
    <subfield code="a">&#x627;&#x644;&#x62E;&#x631;&#x648;&#x635;&#x64A;&#x60C; &#x646;&#x627;&#x635;&#x631; &#x628;&#x646; &#x62C;&#x627;&#x639;&#x62F; &#x628;&#x646; &#x62E;&#x645;&#x64A;&#x633;&#x60C;</subfield>
    <subfield code="d">1192-1262 &#x647;&#x62C;&#x631;&#x64A;</subfield>
    <subfield code="e">&#x645;&#x624;&#x644;&#x641;.</subfield>
  </datafield>
  <datafield tag="245" ind1="1" ind2="0">
    <subfield code="a">&#x625;&#x64A;&#x636;&#x627;&#x62D; &#x646;&#x638;&#x645; &#x627;&#x644;&#x633;&#x644;&#x648;&#x643; &#x625;&#x644;&#x649; &#x62D;&#x636;&#x631;&#x627;&#x62A; &#x645;&#x644;&#x643; &#x627;&#x644;&#x645;&#x644;&#x648;&#x643; /</subfield>
    <subfield code="c">&#x644;&#x646;&#x627;&#x635;&#x631; &#x628;&#x646; &#x62C;&#x627;&#x639;&#x62F; &#x627;&#x644;&#x62E;&#x631;&#x648;&#x635;&#x64A; &#x61B; &#x62A;&#x642;&#x62F;&#x64A;&#x645; &#x648;&#x62A;&#x62D;&#x642;&#x64A;&#x642; &#x62F;. &#x648;&#x644;&#x64A;&#x62F; &#x645;&#x62D;&#x645;&#x648;&#x62F; &#x62E;&#x627;&#x644;&#x635;&#x200F;.</subfield>
  </datafield>
  <datafield tag="250" ind1=" " ind2=" ">
    <subfield code="a">&#x627;&#x644;&#x637;&#x628;&#x639;&#x629; &#x627;&#x644;&#x623;&#x648;&#x644;&#x649;.</subfield>
  </datafield>
  <datafield tag="264" ind1=" " ind2="1">
    <subfield code="a">&#x623;&#x628;&#x648; &#x638;&#x628;&#x64A; :&#x200F;</subfield>
    <subfield code="b">&#x647;&#x64A;&#x626;&#x629; &#x623;&#x628;&#x648; &#x638;&#x628;&#x64A; &#x644;&#x644;&#x62B;&#x642;&#x627;&#x641;&#x629; &#x648;&#x627;&#x644;&#x62A;&#x631;&#x627;&#x62B;&#x60C;&#x200F;</subfield>
    <subfield code="c">2011</subfield>
  </datafield>
  <datafield tag="300" ind1=" " ind2=" ">
    <subfield code="a">720 &#x635;&#x641;&#x62D;&#x629; &#x61B;&#x200F;</subfield>
    <subfield code="c">24 &#x633;&#x645;.</subfield>
  </datafield>
  <datafield tag="336" ind1=" " ind2=" ">
    <subfield code="a">&#x646;&#x635;</subfield>
    <subfield code="b">txt</subfield>
    <subfield code="2">rdacontent</subfield>
    <subfield code="3">&#x643;&#x62A;&#x627;&#x628;</subfield>
  </datafield>
  <datafield tag="337" ind1=" " ind2=" ">
    <subfield code="a">&#x628;&#x62F;&#x648;&#x646; &#x648;&#x633;&#x64A;&#x637;</subfield>
    <subfield code="b">n</subfield>
    <subfield code="2">rdamedia</subfield>
  </datafield>
  <datafield tag="338" ind1=" " ind2=" ">
    <subfield code="a">&#x645;&#x62C;&#x644;&#x62F;</subfield>
    <subfield code="b">nc</subfield>
    <subfield code="2">rdacarrier</subfield>
  </datafield>
  <datafield tag="504" ind1=" " ind2=" ">
    <subfield code="a">&#x64A;&#x634;&#x62A;&#x645;&#x644; &#x639;&#x644;&#x649; &#x625;&#x631;&#x62C;&#x627;&#x639;&#x627;&#x62A; &#x628;&#x628;&#x644;&#x64A;&#x648;&#x62C;&#x631;&#x627;&#x641;&#x64A;&#x629;.&#x200F;</subfield>
  </datafield>
  <datafield tag="504" ind1=" " ind2=" ">
    <subfield code="a">&#x628;&#x628;&#x644;&#x64A;&#x648;&#x62C;&#x631;&#x627;&#x641;&#x64A;&#x629; : &#x635;&#x641;&#x62D;&#x629; 709-717.</subfield>
  </datafield>
  <datafield tag="520" ind1=" " ind2=" ">
    <subfield code="a">&#x64A;&#x639;&#x62F; &#x647;&#x630;&#x627; &#x627;&#x644;&#x643;&#x62A;&#x627;&#x628; (&#x625;&#x64A;&#x636;&#x627;&#x62D; &#x646;&#x638;&#x645; &#x627;&#x644;&#x633;&#x644;&#x648;&#x643; &#x625;&#x644;&#x649; &#x62D;&#x636;&#x631;&#x627;&#x62A; &#x645;&#x644;&#x643; &#x627;&#x644;&#x645;&#x644;&#x648;&#x643;) &#x644;&#x645;&#x624;&#x644;&#x641;&#x647; &#x646;&#x627;&#x635;&#x631; &#x628;&#x646; &#x62C;&#x627;&#x639;&#x62F; &#x628;&#x646; &#x62E;&#x645;&#x64A;&#x633; &#x627;&#x644;&#x62E;&#x631;&#x648;&#x635;&#x64A; &#x627;&#x644;&#x625;&#x628;&#x627;&#x636;&#x64A; (1264 &#x647;&#x62C;&#x631;&#x64A;) &#x648;&#x627;&#x62D;&#x62F;&#x627; &#x645;&#x646; &#x627;&#x644;&#x645;&#x624;&#x644;&#x641;&#x627;&#x62A; &#x627;&#x644;&#x62A;&#x64A; &#x639;&#x646;&#x64A; &#x628;&#x647;&#x627; &#x627;&#x644;&#x645;&#x62A;&#x635;&#x648;&#x641;&#x629; &#x648;&#x647;&#x648; &#x634;&#x631;&#x62D; &#x644;&#x642;&#x635;&#x64A;&#x62F;&#x62A;&#x64A; &#x627;&#x628;&#x646; &#x627;&#x644;&#x641;&#x627;&#x631;&#x636; &#x627;&#x644;&#x645;&#x64A;&#x645;&#x64A;&#x629; &#x648;&#x627;&#x644;&#x62A;&#x627;&#x626;&#x64A;&#x629;&#x60C; &#x648;&#x644;&#x627; &#x64A;&#x62E;&#x641;&#x649; &#x639;&#x644;&#x649; &#x627;&#x644;&#x628;&#x627;&#x62D;&#x62B;&#x64A;&#x646; &#x627;&#x646; &#x645;&#x648;&#x636;&#x648;&#x639; &#x647;&#x627;&#x62A;&#x64A;&#x646; &#x627;&#x644;&#x642;&#x635;&#x64A;&#x62F;&#x62A;&#x64A;&#x646; &#x647;&#x648; &#x627;&#x644;&#x62A;&#x635;&#x648;&#x641;&#x60C; &#x648;&#x645;&#x646; &#x627;&#x644;&#x636;&#x631;&#x648;&#x631;&#x64A; &#x623;&#x646; &#x646;&#x634;&#x64A;&#x631; &#x625;&#x644;&#x649; &#x623;&#x646; &#x639;&#x644;&#x645;&#x627;&#x621; &#x627;&#x644;&#x625;&#x628;&#x627;&#x636;&#x64A;&#x629; &#x644;&#x645; &#x64A;&#x637;&#x644;&#x642;&#x648;&#x627; &#x639;&#x644;&#x649; &#x630;&#x644;&#x643; &#x627;&#x644;&#x62A;&#x648;&#x62C;&#x647; &#x627;&#x633;&#x645; ((&#x627;&#x644;&#x62A;&#x635;&#x648;&#x641;)) &#x61B; &#x628;&#x644; &#x623;&#x637;&#x644;&#x642;&#x648;&#x627; &#x639;&#x644;&#x64A;&#x647; &#x627;&#x633;&#x645; ((&#x627;&#x644;&#x633;&#x644;&#x648;&#x643;)) &#x648;&#x644;&#x630;&#x627; &#x641;&#x625;&#x646; &#x627;&#x644;&#x634;&#x639;&#x631; &#x627;&#x644;&#x630;&#x64A; &#x62A;&#x643;&#x648;&#x646; &#x641;&#x64A;&#x647; &#x646;&#x632;&#x639;&#x629; &#x635;&#x648;&#x641;&#x64A;&#x629; &#x64A;&#x633;&#x645;&#x648;&#x646;&#x647; ((&#x634;&#x639;&#x631; &#x627;&#x644;&#x633;&#x644;&#x648;&#x643;)) &#x648;&#x64A;&#x639;&#x646;&#x648;&#x646; &#x628;&#x647; &#x62A;&#x647;&#x630;&#x64A;&#x628; &#x627;&#x644;&#x623;&#x62E;&#x644;&#x627;&#x642; &#x644;&#x64A;&#x633;&#x62A;&#x639;&#x62F; &#x627;&#x644;&#x639;&#x628;&#x62F; &#x644;&#x644;&#x648;&#x635;&#x648;&#x644; &#x628;&#x62A;&#x637;&#x647;&#x64A;&#x631; &#x646;&#x641;&#x633;&#x647; &#x639;&#x646; &#x627;&#x644;&#x623;&#x62E;&#x644;&#x627;&#x642; &#x627;&#x644;&#x630;&#x645;&#x64A;&#x645;&#x629;&#x60C; &#x643;&#x645;&#x627; &#x623;&#x646; &#x627;&#x644;&#x633;&#x627;&#x644;&#x643; &#x647;&#x648; &#x627;&#x644;&#x639;&#x628;&#x62F; &#x627;&#x644;&#x630;&#x64A; &#x62A;&#x627;&#x628; &#x639;&#x646; &#x647;&#x648;&#x649; &#x646;&#x641;&#x633;&#x647; &#x648;&#x634;&#x647;&#x648;&#x627;&#x62A;&#x647;&#x627; &#x648;&#x627;&#x633;&#x62A;&#x642;&#x627;&#x645; &#x641;&#x64A; &#x637;&#x631;&#x642; &#x627;&#x644;&#x62D;&#x642; &#x628;&#x627;&#x644;&#x645;&#x62C;&#x627;&#x647;&#x62F;&#x629; &#x648;&#x627;&#x644;&#x637;&#x627;&#x639;&#x629; &#x648;&#x627;&#x644;&#x625;&#x62E;&#x644;&#x627;&#x635;&#x60C; &#x648;&#x642;&#x62F; &#x642;&#x633;&#x645; &#x647;&#x630;&#x627; &#x627;&#x644;&#x643;&#x62A;&#x627;&#x628; &#x625;&#x644;&#x649; &#x62B;&#x644;&#x627;&#x62B;&#x629; &#x623;&#x62C;&#x632;&#x627;&#x621; &#x61B; &#x627;&#x644;&#x623;&#x648;&#x644; &#x641;&#x64A; &#x62A;&#x62E;&#x644;&#x64A;&#x635; &#x627;&#x644;&#x646;&#x641;&#x633; &#x648;&#x627;&#x644;&#x631;&#x648;&#x62D; &#x639;&#x644;&#x649; &#x645;&#x631;&#x627;&#x62A;&#x628; &#x627;&#x644;&#x643;&#x645;&#x627;&#x644;&#x60C; &#x648;&#x627;&#x644;&#x62B;&#x627;&#x646;&#x64A; &#x641;&#x64A; &#x643;&#x645;&#x627;&#x644; &#x627;&#x644;&#x646;&#x628;&#x64A; &#x635;&#x644;&#x649; &#x627;&#x644;&#x644;&#x647; &#x639;&#x644;&#x64A;&#x647; &#x648;&#x633;&#x644;&#x645;&#x60C; &#x648;&#x627;&#x644;&#x62B;&#x627;&#x644;&#x62B; &#x641;&#x64A; &#x645;&#x642;&#x627;&#x645;&#x627;&#x62A; &#x627;&#x644;&#x62D;&#x642;&#x64A;&#x642;&#x629;.</subfield>
  </datafield>
  <datafield tag="600" ind1="1" ind2="7">
    <subfield code="a">&#x627;&#x628;&#x646; &#x627;&#x644;&#x641;&#x627;&#x631;&#x636;&#x60C; &#x639;&#x645;&#x631; &#x628;&#x646; &#x639;&#x644;&#x64A; &#x628;&#x646; &#x645;&#x631;&#x634;&#x62F;&#x60C;</subfield>
    <subfield code="d">576-632 &#x647;&#x62C;&#x631;&#x64A;</subfield>
    <subfield code="x">&#x646;&#x642;&#x62F; &#x648;&#x62A;&#x641;&#x633;&#x64A;&#x631;</subfield>
    <subfield code="2">aucnm</subfield>
  </datafield>
  <datafield tag="650" ind1=" " ind2="7">
    <subfield code="a">&#x627;&#x644;&#x634;&#x639;&#x631; &#x627;&#x644;&#x639;&#x631;&#x628;&#x64A; &#x627;&#x644;&#x635;&#x648;&#x641;&#x64A;</subfield>
    <subfield code="x">&#x62A;&#x627;&#x631;&#x64A;&#x62E; &#x648;&#x646;&#x642;&#x62F;</subfield>
    <subfield code="y">&#x627;&#x644;&#x639;&#x635;&#x631; &#x627;&#x644;&#x639;&#x628;&#x627;&#x633;&#x64A; &#x627;&#x644;&#x62B;&#x627;&#x646;&#x64A;</subfield>
    <subfield code="2">aucsh</subfield>
  </datafield>
  <datafield tag="700" ind1="1" ind2=" ">
    <subfield code="a">&#x62E;&#x627;&#x644;&#x635;&#x60C; &#x648;&#x644;&#x64A;&#x62F; &#x645;&#x62D;&#x645;&#x648;&#x62F;&#x60C;</subfield>
    <subfield code="d">1951-</subfield>
    <subfield code="e">&#x645;&#x642;&#x62F;&#x645;.</subfield>
  </datafield>
  <datafield tag="700" ind1="1" ind2="2">
    <subfield code="a">&#x627;&#x644;&#x62E;&#x631;&#x648;&#x635;&#x64A;&#x60C; &#x646;&#x627;&#x635;&#x631; &#x628;&#x646; &#x62C;&#x627;&#x639;&#x62F; &#x628;&#x646; &#x62E;&#x645;&#x64A;&#x633;&#x60C;</subfield>
    <subfield code="d">1192-1262 &#x647;&#x62C;&#x631;&#x64A;.</subfield>
    <subfield code="i">&#x62A;&#x62D;&#x642;&#x64A;&#x642; &#x644;&#x640; (&#x639;&#x645;&#x644;) :</subfield>
    <subfield code="t">&#x625;&#x64A;&#x636;&#x627;&#x62D; &#x646;&#x638;&#x645; &#x627;&#x644;&#x633;&#x644;&#x648;&#x643; &#x625;&#x644;&#x649; &#x62D;&#x636;&#x631;&#x627;&#x62A; &#x645;&#x644;&#x643; &#x627;&#x644;&#x645;&#x644;&#x648;&#x643;</subfield>
  </datafield>
  <datafield tag="700" ind1="1" ind2="2">
    <subfield code="a">&#x627;&#x628;&#x646; &#x627;&#x644;&#x641;&#x627;&#x631;&#x636;&#x60C; &#x639;&#x645;&#x631; &#x628;&#x646; &#x639;&#x644;&#x64A; &#x628;&#x646; &#x645;&#x631;&#x634;&#x62F;&#x60C;</subfield>
    <subfield code="d">576-632 &#x647;&#x62C;&#x631;&#x64A;</subfield>
    <subfield code="i">&#x634;&#x631;&#x62D; &#x644;&#x640; (&#x639;&#x645;&#x644;) :</subfield>
  </datafield>
  <datafield tag="700" ind1="1" ind2="2">
    <subfield code="a">&#x627;&#x628;&#x646; &#x627;&#x644;&#x641;&#x627;&#x631;&#x636;&#x60C; &#x639;&#x645;&#x631; &#x628;&#x646; &#x639;&#x644;&#x64A; &#x628;&#x646; &#x645;&#x631;&#x634;&#x62F;&#x60C;</subfield>
    <subfield code="d">576-632 &#x647;&#x62C;&#x631;&#x64A;.</subfield>
    <subfield code="i">&#x634;&#x631;&#x62D; &#x644;&#x640; (&#x639;&#x645;&#x644;) :</subfield>
    <subfield code="t">&#x627;&#x644;&#x62A;&#x627;&#x626;&#x64A;&#x629; &#x627;&#x644;&#x643;&#x628;&#x631;&#x649;.</subfield>
  </datafield>
  <datafield tag="942" ind1=" " ind2=" ">
    <subfield code="2">ddc</subfield>
    <subfield code="c">BOOK</subfield>
    <subfield code="n">0</subfield>
  </datafield>
  <datafield tag="949" ind1=" " ind2=" ">
    <subfield code="a">SA-JeALM</subfield>
    <subfield code="d">250728</subfield>
    <subfield code="u">osman123</subfield>
    <subfield code="n">1</subfield>
  </datafield>
  <datafield tag="952" ind1=" " ind2=" ">
    <subfield code="0">0</subfield>
    <subfield code="1">0</subfield>
    <subfield code="2">ddc</subfield>
    <subfield code="4">0</subfield>
    <subfield code="7">0</subfield>
    <subfield code="a">WAHAB</subfield>
    <subfield code="b">WAHAB</subfield>
    <subfield code="d">2025-10-01</subfield>
    <subfield code="l">0</subfield>
    <subfield code="o">811.064009  &#x62E; &#x631; &#x648;</subfield>
    <subfield code="p">000019794</subfield>
    <subfield code="r">2025-10-01 13:35:17</subfield>
    <subfield code="w">2025-10-01</subfield>
    <subfield code="y">BOOK</subfield>
  </datafield>
  <datafield tag="999" ind1=" " ind2=" ">
    <subfield code="c">12294</subfield>
    <subfield code="d">12294</subfield>
  </datafield>
</record>
